<?xml version="1.0" encoding="UTF-8"?><OAI-PMH xmlns="http://www.openarchives.org/OAI/2.0/" xmlns:xsi="http://www.w3.org/2001/XMLSchema-instance"     xsi:schemaLocation="http://www.openarchives.org/OAI/2.0/ http://www.openarchives.org/OAI/2.0/OAI-PMH.xsd"><responseDate>2026-05-16T22:43:00Z</responseDate><request verb="GetRecord" identifier="oai:regmurcia.com:fintegr.2079" metadataPrefix="marc21">http://oai.regmurcia.com/oai2/oai2.php</request><GetRecord><record><header><identifier>oai:regmurcia.com:fintegr.2079</identifier><datestamp>2026-05-17</datestamp><setSpec>documentos</setSpec></header><metadata><record  xmlns="http://www.loc.gov/MARC21/slim" xmlns:xsi="http://www.w3.org/2001/XMLSchema-instance" xsi:schemaLocation="http://www.loc.gov/MARC21/slim http://www.loc.gov/standards/marcxml/schema/MARC21slim.xsd" type="Bibliographic"><leader>00000nam a2200000   4500</leader><controlfield tag="001" >005075406</controlfield><controlfield tag="003" >2079</controlfield><controlfield tag="004" >A00000000</controlfield><datafield tag="245" ind1=" " ind2=" "><subfield code="a">Expediente sobre el nombramiento de Alonso de Castro como alcalde entregador de la Mesta.</subfield></datafield><datafield tag="300" ind1=" " ind2=" "><subfield code="c">222 x 165 mm</subfield></datafield><datafield tag="300" ind1=" " ind2=" "><subfield code="a">47 fol.</subfield></datafield><datafield tag="351" ind1=" " ind2=" "><subfield code="a">Unidad documental compuesta</subfield><subfield code="c">Archivo de Murcia. Array</subfield><subfield code="a">Unidad documental compuesta</subfield><subfield code="c">Archivo de Murcia. Array</subfield></datafield><datafield tag="351" ind1=" " ind2=" "><subfield code="b">Nº 15</subfield></datafield><datafield tag="506" ind1=" " ind2=" "><subfield code="a">Acceso restringido</subfield></datafield><datafield tag="520" ind1=" " ind2=" "><subfield code="a">Testimonio de la presentación, por parte de Alonso de Castro, alcalde y entregador de mestas y cañadas en los reinos de Castilla y León, de diferentes escritos (1487-4-3. Murcia). Contiene:&lt;br&gt;- Testimonio de la presentación por parte de Diego del Castillo, alcalde, juez y entregador mayor de las mestas y cañadas de Castilla y León, ante Juan Serrano, alcalde de Cuenca, de una provisión de los Reyes Católicos (1477-10-3. Sevilla) confirmando la merced que hicieron al conde de Buendía de la alcaldía mayor de las mestas y cañadas de los reinos de Castilla y de León y ordenando que tanto a él como a los alcaldes que nombrara les permitieran llevar la vara de la justicia. Hecha la presentación, el escribano, autorizado por el alcalde, saca varios traslados de la carta, a petición de Diego del Castillo y da testimonio de ello. (1480-12-23. Cuenca).&lt;br&gt;- Traslado de una provisión de los Reyes Católicos a Lope Vázquez de Acuña, adelantado de Cazorla y alcalde entregador mayor de las mestas y cañadas de Castilla y León ordenándole que se informe de los agravios ocasionados al Consejo de la Mesta y que administre justicia (1482-3-22. Medina del Campo) (Traslado:1482-3-22. Medina del Campo) &lt;br&gt;- Testimonio de la presentación de una carta de poder (1483-2-6. Haguarraf (sic)) por parte Alonso de Castro ante Miguel Mateo, alcalde de Iniesta, en la que el conde de Buendía da poder a Alonso de Castro para que pueda ejercer en su nombre el oficio de alcalde mayor entregador de las mestas y cañadas. Hecha la presentación, el escribano, autorizado por el alcalde, saca varios traslados de la carta, a petición de Alonso de Castro y da testimonio de ello. (1486-7-26. Iniesta) &lt;br&gt;- Testimonio (1481-2-26. Cazorla) de la presentación por parte de Diego del Castillo, ante el alcalde de Cazorla, de una carta de merced de los Reyes Católicos, en la que nombran alcalde y entregador mayor de las mestas y cañadas de Castilla y de León a Lope Vázquez de Acuña, hijo del conde de Buendía y ordenan al Consejo de la Mesta que reciban juramento del nuevo alcalde y lo acepten como tal. (1480-9-16. Medina del Campo)&lt;br&gt;- Testimonio de la presentación de una sobrecarta de Juan II, ordenando el cumplimiento de una sobrecarta (1437-7-25. Valladolid), que inserta a su vez otra sobrecarta (1435-7-13. Madrid) en la que se inserta una carta de merced de Juan II, a sus reinos, concediendo a Gómez Carrillo la alcaldía mayor de las mestas y cañadas. (1477-11-30. Valladolid)&lt;br&gt;- Testimonio por parte de Alonso de Castro pidiendo al concejo de Murcia que lo aceptaran por alcalde entregador de la mesta, tal y como ordenaban los reyes en las cartas presentadas. &lt;br&gt;&lt;br&gt;Testimonio de la respuesta dada por el concejo de Murcia, solicitando que les sean guardados los privilegios, que les fueron concedidos y confirmados por varios reyes, los cuales les permitían quedar exentos de recibir alcalde entregador de la mesta. (1487-4-5. Murcia)&lt;br&gt;Testimonio de Alonso de Castro aceptando los privilegiosque tenía la ciudad de Murcia de no recibir alcalde entregador de la mesta (1487-4-7. Murcia)&lt;br&gt;Testimonio de la entrega a Alonso de Castro de 20 doblas castellanas en concepto de la renta de la sisa recaudada el día de San Juan (1487-4-7. Murcia)&lt;br&gt;</subfield></datafield><datafield tag="583" ind1=" " ind2=" "><subfield code="u">http://www.regmurcia.com/servlet/s.Sl?METHOD=VERDOCUMENTO&amp;sit=serv,Carmesi&amp;n=/01/1366/indice.djvu</subfield></datafield><datafield tag="592" ind1=" " ind2=" "><subfield code="b">1477-10-03</subfield></datafield><datafield tag="592" ind1=" " ind2=" "><subfield code="c">1487-04-03</subfield></datafield><datafield tag="592" ind1=" " ind2=" "><subfield code="d">1487-04-03 00:00:00</subfield></datafield><datafield tag="651" ind1=" " ind2=" "><subfield code="a">Murcia</subfield></datafield><datafield tag="786" ind1=" " ind2=" "><subfield code="o">http://www.regmurcia.com/servlet/s.Sl?METHOD=VERDOCUMENTO&amp;sit=serv,Carmesi&amp;n=/01/1366/indice.djvu</subfield></datafield><datafield tag="856" ind1=" " ind2=" "><subfield code="u">http://www.regmurcia.com/servlet/s.Sl?METHOD=DETALLE&amp;sit=c,373,m,139,serv,Carmesi&amp;id=2079</subfield></datafield></record></metadata></record></GetRecord></OAI-PMH>
